NBA Players with Mc Prefixes - Statistics

General Stats
  • This quiz has been taken 92 times
    49 since last reset
  • The average score is 13 of 35
Answer Stats
Hint Answer % Correct
Bob McA Adoo
98%
Tracy McG Grady
91%
JaVale McG Gee
89%
Kevin McH Hale
82%
CJ McC Collum
80%
Miles McB Bride
73%
TJ McC Connell
73%
Jared McC Cain
70%
Mac McC Clung
64%
Xavier McD Daniel
61%
Nate McM Millan
57%
Doug McD Dermott
55%
Antonio McD Dyess
55%
Ben McL Lemore
43%
Don MacL Lean
34%
George McG Ginnis
32%
Jeff McI Innis
32%
Jordan McR Rae
30%
Rodney McG Gruder
27%
Jordan McL Laughlin
27%
Aaron McK Kie
25%
Josh McR Roberts
25%
Alfonzo McK Kinnie
18%
Rodney McC Cray
14%
Derrick McK Key
14%
Tim McC Cormick
9%
Jon McG Glocklin
9%
Dick McG Guire
9%
George McC Cloud
7%
Mark McN Namara
7%
Walter McC Carty
5%
Todd MacC Culloch
5%
Bryce McG Gowens
5%
Jim McE Elroy
2%
Jim McI Ilvaine
2%
No matching quizzes found
Score Distribution
Percent of People with Each Score
Percentile by Number Answered
Your Score History
You have not taken this quiz since the last reset